Sports Quiz

Random Sports or NCAA Quiz

Pat Summitt Championship Wins Quiz Stats

 Plays Quiz Updated Jun 28, 2016

Score 0/8 Timer 04:00
1 Play Today
Year % Correct
2007-08Stanford
74.7%
1986-87Louisiana Tech
55%
1997-98Louisiana Tech
55%
1995-96Georgia
53.1%
1990-91Virginia
47.6%
2006-07Rutgers
40.3%
1988-89Auburn
28.9%
1996-97Old Dominion
24.7%

You're not logged in!

Compare scores with friends on all Sporcle quizzes.
OR
Log In

You Might Also Like...

Show Comments

Extras

Top Quizzes Today


Score Distribution

Your Account Isn't Verified!

In order to create a playlist on Sporcle, you need to verify the email address you used during registration. Go to your Sporcle Settings to finish the process.

Report this User

Report this user for behavior that violates our Community Guidelines.

Details: